Elementos del derecho civil y penal de España (Record no. 154434)
[ view plain ]
| 000 -LEADER | |
|---|---|
| campo de control de longitud fija | 00820nam a2200193 i 4500 |
| 001 - NÚMERO DE CONTROL | |
| campo de control | 154434 |
| 003 - IDENTIFICADOR DE NÚMERO DE CONTROL | |
| campo de control | ES-MaACL |
| 005 - FECHA Y HORA DE LA ÚLTIMA TRANSACCIÓN | |
| campo de control | 20241016193649.0 |
| 008 - DATOS DE LONGITUD FIJA--INFORMACIÓN GENERAL | |
| campo de control de longitud fija | 961110m18451846sp |||| | spa d |
| 040 ## - FUENTE DE CATALOGACIÓN | |
| Centro catalogador/agencia de origen | CLM |
| Lengua de catalogación | spa |
| Centro/agencia transcriptor | CCPB | SIC |
| 100 1# - ENTRADA PRINCIPAL--NOMBRE DE PERSONA | |
| Nombre de persona | Gómez de la Serna, Pedro. |
| 9 (RLIN) | 57900 |
| 245 10 - MENCIÓN DEL TÍTULO | |
| Título | Elementos del derecho civil y penal de España |
| Resto del título | : precedidos de una reseña historica de la legislación española / |
| Mención de responsabilidad, etc. | por Pedro Gomez de la Serna y Juan Manuel Montalban. |
| 250 ## - MENCION DE EDICION | |
| Mención de edición | 3ª ed.corr. y aum. |
| Resto de la mención de edición | por los autores. |
| 260 ## - PUBLICACIÓN, DISTRIBUCIÓN, ETC. | |
| Lugar de publicación, distribución, etc. | Madrid : |
| Nombre del editor, distribuidor, etc. | [s.n.], |
| Fecha de publicación, distribución, etc. | 1845-1846 ( |
| Fabricante | Imprenta de Vicente de Lalama) |
| 300 ## - DESCRIPCIÓN FÍSICA | |
| Extensión | 3 v. (VI, 405 ; 403, VI, XVI ; 307 p.) ; |
| Dimensiones | 19 cm. |
| 700 1# - ENTRADA AGREGADA--NOMBRE PERSONAL | |
| Nombre de persona | Montalbán, Juan Manuel, |
| Fechas asociadas al nombre | 1806-1889 |
| 9 (RLIN) | 82337 |
| 852 ## - LOCALIZACIÓN | |
| Ubicación | ES-MaACL |
| Número de control de estantería | D-2991 |
| Nota libre | -- Enc. hol. |
| -- | -- Enc. 3 t. en 1 v. |
| Estatus retirado | Estado de pérdida | Estado de daño | No para préstamo | Colección | Biblioteca de origen | Biblioteca actual | Ubicación en estantería | Fecha de adquisición | Fuente de adquisición | Total de préstamos | Signatura topográfica completa | Código de barras | Visto por última vez | Precio de reemplazo | Tipo de ítem Koha |
|---|---|---|---|---|---|---|---|---|---|---|---|---|---|---|---|
| Libros del s. XIX | Biblioteca del Ateneo de Madrid | Biblioteca del Ateneo de Madrid | Sala Valle Inclán | 17/01/2008 | D-2991 | 901161505 | 23/02/2023 | 23/02/2023 | Libro impreso antiguo |
